| 000 | 00887nam a2200265Ia 4500 | ||
|---|---|---|---|
| 005 | 20251020182515.0 | ||
| 008 | 200515s9999 xx 000 0 und d | ||
| 020 | _a978-958-648-624-8 | ||
| 082 | _a658.542/P19 | ||
| 100 | _aPalacios Acero, Luis Carlos | ||
| 245 | 0 | _aIngeniería de métodos movimientos y tiempos | |
| 260 | _aBogotá | ||
| 260 | _bEcoe Ediciones | ||
| 260 | _c2009 | ||
| 300 | _bil.; tbls. | ||
| 500 | _a1 ejemplar | ||
| 520 | _aProporciona conceptos importantes para gerentes, directores de producción, compras, personal, finanzas, marketing, ingenieros industriales, administradores, economistas, docentes consultores e investigadores | ||
| 650 | _aINGENIERIA DE METODOS | ||
| 650 | _aINGENIERIA INDUSTRIAL | ||
| 650 | _aINGNIERIA DE METODOS | ||
| 650 | _aMEDICION DE TRABAJO | ||
| 650 | _aTIEMPOS Y MOVIMIENTOS | ||
| 942 | _cLIB | ||
| 999 |
_c1549 _d1549 |
||